[Event "2. Bundesliga West 2004/2005(7)"]
[Site "?"]
[Date "2005.01.22"]
[Round "?"]
[White "Braun, Arik"]
[Black "Dobosz, Henryk"]
[Result "1-0"]
[WhiteElo "2463"]
[BlackElo "2442"]
[PlyCount "111"]
[EventDate "2005.01.22"]

1. d4 Nf6 2. c4 e6 3. Nc3 Bb4 4. e3 c5 5. Bd3 Nc6 6. Nf3 Bxc3+ 7. bxc3 d6 8. e4
e5 9. h3 h6 10. Be3 b6 11. d5 Ne7 12. Nd2 g5 13. Nf1 Ng6 14. g3 Bd7 15. Bd2 Qc8
16. Ne3 Ne7 17. h4 g4 18. h5 Rh7 19. Rh4 Kd8 20. f4 gxf3 21. Qxf3 Nfg8 22. Ke2
Kc7 23. g4 Qa6 24. Rhh1 Qb7 25. Rhg1 f6 26. Nf5 Rf8 27. Ne3 Rff7 28. a4 a5 29.
Kd1 Qc8 30. Kc2 Qe8 31. Kb3 Nc8 32. Bc2 Kb7 33. Ka3 Ka7 34. Raf1 Rhg7 35. Bd1
Rh7 36. Qh3 Kb7 37. Rf3 Kc7 38. Rgf1 Rhg7 39. Be1 Nce7 40. Bh4 Qf8 41. R1f2 Nc8
42. Qf1 Bxg4 43. Nxg4 Rxg4 44. Rxf6 Rf4 45. R2xf4 exf4 46. Rxf7+ Qxf7 47. Kb3
Qf8 48. Bg4 Nce7 49. Qf3 Nc8 50. Bg3 b5 51. cxb5 Nb6 52. Qxf4 c4+ 53. Ka3 Qe7
54. Qe3 Nf6 55. Qc5+ Kb7 56. Qc6+ 1-0

[Event "2. Bundesliga West 2004/2005(7)"]
[Site "?"]
[Date "2005.01.22"]
[Round "?"]
[White "Eisenbeiser, Amadeus"]
[Black "Bezold, Michael"]
[Result "0-1"]
[WhiteElo "2312"]
[BlackElo "2532"]
[PlyCount "54"]
[EventDate "2005.01.22"]

1. e4 d6 2. d4 Nf6 3. Nc3 e5 4. Nf3 Nbd7 5. Bc4 Be7 6. O-O O-O 7. a4 c6 8. Ba2
b6 9. Re1 a6 10. Nh4 exd4 11. Qxd4 Nc5 12. Nf5 Bxf5 13. exf5 d5 14. Bg5 Ncd7
15. b4 h6 16. Bh4 Re8 17. b5 axb5 18. axb5 c5 19. Qd1 c4 20. h3 Ra3 21. Rxe7
Qxe7 22. Nxd5 Qe4 23. Bxf6 Nxf6 24. Nxb6 Qf4 25. Bxc4 Rxa1 26. Qxa1 Qc7 27. Qd4
Re4 0-1

[Event "2. Bundesliga West 2004/2005(7)"]
[Site "?"]
[Date "2005.01.22"]
[Round "?"]
[White "Grabher, Heinz"]
[Black "Schmidlechner, Alexander"]
[Result "0-1"]
[WhiteElo "2271"]
[BlackElo "2236"]
[PlyCount "72"]
[EventDate "2005.01.22"]

1. e4 g6 2. d4 Bg7 3. Nc3 c6 4. Nf3 d5 5. e5 Nh6 6. Bd3 f6 7. Bf4 O-O 8. Qd2
Nf7 9. O-O-O Bg4 10. Rde1 Bxf3 11. gxf3 fxe5 12. dxe5 e6 13. h4 Nd7 14. h5
Nfxe5 15. hxg6 hxg6 16. Bg5 Qe8 17. Reg1 Nxf3 18. Qd1 Nxg1 19. Rxg1 Ne5 20. f4
Nxd3+ 21. Qxd3 Rf5 22. Qh3 e5 23. Bh6 exf4 24. Bxg7 Kxg7 25. Nd1 Qf7 26. Nf2
Qe6 27. Ng4 Rh8 28. Qc3+ Kg8 29. Re1 Qf7 30. Qc5 Rh4 31. Nf2 Qf8 32. Qxa7 Rh7
33. Ng4 Re7 34. Rg1 f3 35. Qf2 Re4 36. Ne3 Qh6 0-1

[Event "2. Bundesliga West 2004/2005(7)"]
[Site "?"]
[Date "2005.01.22"]
[Round "?"]
[White "Hengl, Christian"]
[Black "Feistenauer, Fred"]
[Result "1/2-1/2"]
[WhiteElo "2220"]
[BlackElo "2285"]
[PlyCount "52"]
[EventDate "2005.01.22"]

1. e4 d5 2. exd5 Nf6 3. d4 Nxd5 4. Nf3 g6 5. Be2 Bg7 6. O-O O-O 7. c4 Nb6 8.
Be3 Nc6 9. h3 e5 10. d5 Ne7 11. Nc3 h6 12. a4 Nf5 13. Qd2 Nxe3 14. fxe3 a5 15.
e4 Nd7 16. Qe3 b6 17. Ne1 f5 18. Nd3 Qe7 19. Rad1 Nc5 20. Nxc5 bxc5 21. Bf3 Ra6
22. Nb5 Kh7 23. Rd3 Bf6 24. Rfd1 Bg5 25. Qe2 Rd8 26. Kh2 Rf6 1/2-1/2

[Event "2. Bundesliga West 2004/2005(7)"]
[Site "?"]
[Date "2005.01.22"]
[Round "?"]
[White "Atlas, Dmitry"]
[Black "Wallis, Anton"]
[Result "1/2-1/2"]
[WhiteElo "2297"]
[BlackElo "2220"]
[PlyCount "22"]
[EventDate "2005.01.22"]

1. e4 c5 2. c3 Nf6 3. e5 Nd5 4. Nf3 e6 5. Bc4 d6 6. exd6 Bxd6 7. O-O O-O 8. Na3
Nc6 9. Re1 a6 10. Bb3 b5 11. Bc2 Re8 1/2-1/2

[Event "2. Bundesliga West 2004/2005(7)"]
[Site "?"]
[Date "2005.01.22"]
[Round "?"]
[White "Kranz, Armin"]
[Black "Sandholzer, Robert"]
[Result "1/2-1/2"]
[WhiteElo "2158"]
[BlackElo "2097"]
[PlyCount "39"]
[EventDate "2005.01.22"]

1. d4 Nf6 2. Nf3 e6 3. c4 b6 4. g3 Bb7 5. Bg2 Be7 6. Nc3 Ne4 7. Bd2 f5 8. O-O
O-O 9. Qc2 Bf6 10. Rad1 d6 11. h4 Nd7 12. d5 Bxc3 13. Bxc3 e5 14. Nd2 Nxc3 15.
Qxc3 a5 16. b3 Nf6 17. Qc2 Bc8 18. a3 Bd7 19. Bh3 f4 20. Bg2 1/2-1/2

[Event "2. Bundesliga West 2004/2005(7)"]
[Site "?"]
[Date "2005.01.22"]
[Round "?"]
[White "Heinzel, Olaf"]
[Black "Ivanov, Mikhail"]
[Result "1/2-1/2"]
[WhiteElo "2402"]
[BlackElo "2426"]
[PlyCount "36"]
[EventDate "2005.01.22"]

1. Nf3 g6 2. g3 Bg7 3. Bg2 c5 4. O-O d5 5. d4 cxd4 6. Nxd4 Nf6 7. c4 O-O 8.
cxd5 Nxd5 9. Nc3 Nxc3 10. bxc3 Nc6 11. Nxc6 bxc6 12. Qxd8 Rxd8 13. Bxc6 Bh3 14.
Bxa8 Bxf1 15. Kxf1 Bxc3 16. Rb1 Rxa8 17. Rb7 e6 18. Be3 a5 1/2-1/2

[Event "2. Bundesliga West 2004/2005(7)"]
[Site "?"]
[Date "2005.01.22"]
[Round "?"]
[White "Karpatchev, Aleksandr"]
[Black "Bayer, Bernhard"]
[Result "1/2-1/2"]
[WhiteElo "2461"]
[BlackElo "2300"]
[PlyCount "128"]
[EventDate "2005.01.22"]

1. e4 e5 2. Nf3 Nc6 3. Bb5 a6 4. Bxc6 dxc6 5. O-O f6 6. d4 exd4 7. Nxd4 c5 8.
Ne2 Qxd1 9. Rxd1 Bd7 10. Nbc3 O-O-O 11. Be3 Bd6 12. Bf4 Be6 13. Nd5 Bxd5 14.
Rxd5 Ne7 15. Rdd1 Rhe8 16. f3 f5 17. Bxd6 cxd6 18. Ng3 fxe4 19. Nxe4 Kc7 20.
Rd2 Kc6 21. Ng5 Ng6 22. Kf2 h6 23. Ne4 Ne5 24. b3 d5 25. Ng3 g6 26. h4 Re6 27.
h5 Rf8 28. hxg6 Nxg6 29. Rh1 Nf4 30. Nh5 a5 31. g3 Ng6 32. Re2 Rxe2+ 33. Kxe2
Kb5 34. f4 Kb4 35. Ng7 Rf6 36. Kd2 Ne7 37. Re1 Rf7 38. Ne6 Nf5 39. g4 Nd6 40.
c3+ Ka3 41. Re5 Ne4+ 42. Kc2 Kxa2 43. Rxd5 b6 44. Re5 Nf2 45. g5 hxg5 46. fxg5
Ng4 47. Re2 Rf3 48. g6 Rg3 49. Nf4 b5 50. Nh5 Rh3 51. g7 Nh6 52. Nf4 Rg3 53.
Nd3 Rxg7 54. Nxc5 Nf5 55. Rf2 Rg2 56. Rxg2 Ne3+ 57. Kd3+ Nxg2 58. c4 Nf4+ 59.
Ke4 bxc4 60. bxc4 Ka3 61. Na6 Kb3 62. c5 Ne6 63. c6 Kc4 64. Ke5 Nc7 1/2-1/2

[Event "2. Bundesliga West 2004/2005(7)"]
[Site "?"]
[Date "2005.01.22"]
[Round "?"]
[White "Fuchs, Georg"]
[Black "Lickleder, Andreas"]
[Result "0-1"]
[WhiteElo "2281"]
[BlackElo "2251"]
[PlyCount "62"]
[EventDate "2005.01.22"]

1. e4 c5 2. Nf3 d6 3. d3 Nc6 4. g3 g6 5. Bg2 Bg7 6. O-O e6 7. h4 Nf6 8. Nh2 d5
9. Nd2 b6 10. f4 dxe4 11. dxe4 Ba6 12. e5 Nd5 13. c4 Nde7 14. Qa4 Bb7 15. Ne4
O-O 16. h5 Nf5 17. Ng4 Qc7 18. hxg6 fxg6 19. Ngf6+ Bxf6 20. Nxf6+ Rxf6 21. exf6
Nxg3 22. Re1 Nd4 23. Be3 Nge2+ 24. Kf2 Bxg2 25. Bxd4 Qxf4+ 26. Kxe2 Bf3+ 27.
Kd3 Qxd4+ 28. Kc2 Be4+ 29. Kc1 Rd8 30. Rxe4 Qxe4 31. Qxa7 Qe3+ 0-1

[Event "2. Bundesliga West 2004/2005(7)"]
[Site "?"]
[Date "2005.01.22"]
[Round "?"]
[White "Hager, Franz"]
[Black "Angerer, Helmut"]
[Result "1-0"]
[WhiteElo "2224"]
[BlackElo "2195"]
[PlyCount "97"]
[EventDate "2005.01.22"]

1. d4 e6 2. g3 b6 3. Bg2 d5 4. e4 Bb7 5. e5 Ne7 6. Ne2 Qd7 7. O-O a5 8. Nf4 g6
9. c4 Bg7 10. Nc3 c6 11. Na4 Qc7 12. Qb3 Nd7 13. cxd5 cxd5 14. Be3 b5 15. Nc3
Ba6 16. Nxb5 Bxb5 17. Qxb5 O-O 18. Rac1 Qa7 19. Bh3 Rfb8 20. Qe2 Qb6 21. Rc2
Nc6 22. Nxe6 Nb4 23. Nxg7 Nxc2 24. Qxc2 Nf8 25. Nf5 gxf5 26. Qxf5 a4 27. Qf3
Ra5 28. Bf5 f6 29. Qg4+ Kh8 30. exf6 Qxf6 31. Bf4 Re8 32. Be5 Rxe5 33. dxe5
Qxe5 34. Qb4 Ra8 35. Bc2 Rb8 36. Qxa4 Ne6 37. b3 d4 38. h4 Rg8 39. Qc6 Nf4 40.
Qf3 Ne2+ 41. Kh2 Nc3 42. a3 Rd8 43. Re1 Qg7 44. Kg1 Rf8 45. Qd3 Nd5 46. Qe4 Nf4
47. Qxh7+ Qxh7 48. Bxh7 Nh3+ 49. Kg2 1-0

[Event "2. Bundesliga West 2004/2005(7)"]
[Site "?"]
[Date "2005.01.22"]
[Round "?"]
[White "Kondrak, Christof"]
[Black "Endthaler, Arnold"]
[Result "1-0"]
[WhiteElo "2189"]
[BlackElo "2088"]
[PlyCount "55"]
[EventDate "2005.01.22"]

1. d4 g6 2. c4 Bg7 3. Nf3 c5 4. Nc3 cxd4 5. Nxd4 Nc6 6. e3 Nf6 7. Be2 d6 8. O-O
O-O 9. a3 Bd7 10. b3 Rc8 11. Bb2 Re8 12. Rc1 Qb6 13. Na4 Qc7 14. b4 Nd8 15. c5
Qb8 16. Nb5 Ne6 17. cxd6 Rxc1 18. Qxc1 exd6 19. Rd1 d5 20. Qa1 d4 21. Nc5 Nxc5
22. bxc5 d3 23. Bxd3 Ng4 24. Nd6 Bf8 25. h3 Bxd6 26. cxd6 Ba4 27. hxg4 Bxd1 28.
Bh8 1-0

[Event "2. Bundesliga West 2004/2005(7)"]
[Site "?"]
[Date "2005.01.22"]
[Round "?"]
[White "Huber, Wolfgang"]
[Black "Reiter, Hannes"]
[Result "0-1"]
[WhiteElo "2071"]
[BlackElo "1992"]
[PlyCount "92"]
[EventDate "2005.01.22"]

1. e4 g6 2. d4 Bg7 3. Nf3 c6 4. Be2 d5 5. exd5 cxd5 6. O-O Bg4 7. Re1 Nc6 8. c3
e6 9. h3 Bxf3 10. Bxf3 Nge7 11. Bf4 O-O 12. Qd2 b5 13. Bh6 Nf5 14. Bxg7 Kxg7
15. Bg4 Nd6 16. Bf3 Qf6 17. Qe2 b4 18. Nd2 bxc3 19. bxc3 Na5 20. Qa6 Nac4 21.
Nb3 Rfb8 22. Rad1 Rb6 23. Qa4 Nb2 24. Qd7 Nxd1 25. Rxd1 Qd8 26. Qa4 Nc4 27. Re1
Qc7 28. Nc5 Qc6 29. Qc2 Rb2 30. Qd3 Qd6 31. a4 Rd2 32. Qf1 Rb8 33. Be2 Na3 34.
Ra1 Rbb2 35. Re1 Nc2 36. Rd1 Rxd1 37. Qxd1 Ra2 38. Qd2 Nb4 39. Qd1 Nc2 40. Qd2
Qb8 41. g3 Qb1+ 42. Bf1 Qe1 43. Qf4 Ra1 44. Kh2 Rb1 45. g4 Qxf1 46. Qe5+ Kg8
0-1

[Event "2. Bundesliga West 2004/2005(7)"]
[Site "?"]
[Date "2005.01.22"]
[Round "?"]
[White "Halasz, Tamas"]
[Black "Dizdar, Goran"]
[Result "1/2-1/2"]
[WhiteElo "2383"]
[BlackElo "2554"]
[PlyCount "115"]
[EventDate "2005.01.22"]

1. d4 Nf6 2. c4 e6 3. Nf3 Bb4+ 4. Bd2 c5 5. Bxb4 cxb4 6. Qd3 O-O 7. g3 d6 8.
Bg2 Nc6 9. O-O e5 10. Nbd2 Bg4 11. e4 Nd7 12. h3 Bxf3 13. Nxf3 Qb6 14. d5 Nc5
15. Qe3 Ne7 16. Nh4 f5 17. Nxf5 Nxf5 18. exf5 Rxf5 19. Kh2 Raf8 20. f4 exf4 21.
Rxf4 Rxf4 22. gxf4 Qa6 23. b3 Qa3 24. Qd4 Re8 25. Bf3 Re7 26. Kh1 Qa5 27. Rg1
Qd8 28. Qf6 Kh8 29. Qd4 Qf8 30. Kh2 a5 31. Kg3 Qf5 32. Qd2 Qg6+ 33. Kh2 Qf6 34.
Kg3 Qg6+ 35. Kh2 Qf6 36. Kg3 Kg8 37. Rg2 Kf8 38. Re2 Qg6+ 39. Kh2 Qd3 40. Qe1
Rxe2+ 41. Qxe2 Qxe2+ 42. Bxe2 h6 43. Kg3 Ne4+ 44. Kg4 Kf7 45. Bf3 Nc3 46. c5
dxc5 47. Kf5 Nb5 48. Bh5+ Ke7 49. Kg6 Kf8 50. f5 Nd6 51. f6 gxf6 52. Kxf6 c4
53. bxc4 Nxc4 54. Ke6 a4 55. d6 Na5 56. d7 Nc6 57. Bg6 b3 58. axb3 1/2-1/2

[Event "2. Bundesliga West 2004/2005(7)"]
[Site "?"]
[Date "2005.01.22"]
[Round "?"]
[White "Bromberger, Stefan"]
[Black "Blaskowski, Johannes"]
[Result "1/2-1/2"]
[WhiteElo "2464"]
[BlackElo "2385"]
[PlyCount "121"]
[EventDate "2005.01.22"]

1. e4 c5 2. Nf3 e6 3. d4 cxd4 4. Nxd4 Nf6 5. Nc3 Nc6 6. Ndb5 Bb4 7. a3 Bxc3+ 8.
Nxc3 d5 9. exd5 exd5 10. Bd3 O-O 11. O-O h6 12. Bf4 Be6 13. Qd2 Ng4 14. Rfe1
Qf6 15. Bb5 Qd4 16. Qxd4 Nxd4 17. Rad1 Nxb5 18. Nxb5 Nf6 19. c3 Ne8 20. Bg3 a6
21. Nd4 Bg4 22. f3 Bd7 23. Re7 Rd8 24. Nb3 Bc8 25. Na5 Nd6 26. Rxd5 Nf5 27.
Ree5 Nxg3 28. hxg3 f6 29. Rxd8 Rxd8 30. Re1 Kf7 31. Nb3 Be6 32. Nd4 Bd5 33. Nf5
Rd7 34. Rd1 b5 35. Kf2 h5 36. Ne3 Be6 37. Rxd7+ Bxd7 38. Nd5 Bc6 39. Nb4 Bb7
40. Nd3 g5 41. Ke3 Kg6 42. Nc5 Bc8 43. Ke4 Bf5+ 44. Kd5 Bc8 45. Ne4 h4 46. gxh4
gxh4 47. Nd6 Bd7 48. Ke4 Kg5 49. b4 Bc6+ 50. Ke3 f5 51. c4 bxc4 52. Nxc4 f4+
53. Kf2 Kf6 54. Nb2 Kf5 55. Nd3 Bb5 56. Ke2 Kg5 57. Kd2 Kf5 58. Kc2 Ba4+ 59.
Kc3 Bc6 60. Kd2 Bb5 61. Kc3 1/2-1/2

[Event "2. Bundesliga West 2004/2005(7)"]
[Site "?"]
[Date "2005.01.22"]
[Round "?"]
[White "Astl, Peter"]
[Black "Pilz, Dieter"]
[Result "1/2-1/2"]
[WhiteElo "2233"]
[BlackElo "2337"]
[PlyCount "22"]
[EventDate "2005.01.22"]

1. Nf3 d5 2. d4 Nf6 3. c4 c6 4. cxd5 cxd5 5. Nc3 Nc6 6. Bf4 a6 7. e3 Bg4 8. Be2
e6 9. O-O Bd6 10. Ne5 Bxe5 11. Bxe5 Bxe2 1/2-1/2

[Event "2. Bundesliga West 2004/2005(7)"]
[Site "?"]
[Date "2005.01.22"]
[Round "?"]
[White "Wegerle, Joerg"]
[Black "Eybl, Alexander"]
[Result "1/2-1/2"]
[WhiteElo "2380"]
[BlackElo "2259"]
[PlyCount "57"]
[EventDate "2005.01.22"]

1. e4 c5 2. Nf3 b6 3. c4 Bb7 4. Nc3 e6 5. Be2 a6 6. O-O Qc7 7. b3 Nf6 8. d3 Nc6
9. Bb2 Bd6 10. Rc1 Bf4 11. Rb1 Ne5 12. g3 Nxf3+ 13. Bxf3 Be5 14. Na4 Bxb2 15.
Rxb2 b5 16. e5 bxa4 17. exf6 gxf6 18. bxa4 Bxf3 19. Qxf3 Ke7 20. Rb7 Qd6 21.
Rfb1 Rab8 22. R1b3 Rhc8 23. a5 Rxb7 24. Rxb7 Rb8 25. Kg2 Rxb7 26. Qxb7 Qxd3 27.
Qxa6 Qe4+ 28. Kg1 Qe1+ 29. Kg2 1/2-1/2

[Event "2. Bundesliga West 2004/2005(7)"]
[Site "?"]
[Date "2005.01.22"]
[Round "?"]
[White "Neuschmid, Siegfried"]
[Black "Ferrari, Josef"]
[Result "1-0"]
[WhiteElo "2218"]
[BlackElo "2206"]
[PlyCount "75"]
[EventDate "2005.01.22"]

1. e4 e5 2. Nf3 Nc6 3. Bb5 a6 4. Ba4 Nf6 5. O-O Be7 6. Re1 b5 7. Bb3 O-O 8. c3
d5 9. exd5 Nxd5 10. Nxe5 Nxe5 11. Rxe5 c6 12. g3 Bd6 13. Re1 Qd7 14. d3 Qh3 15.
Re4 Qf5 16. Nd2 Qg6 17. c4 Nf6 18. Rh4 Bg4 19. Nf3 Rae8 20. Be3 Bf5 21. Bf4 Ng4
22. Bxd6 Qxd6 23. Ng5 Qd4 24. Qf3 Qxb2 25. Qxf5 Qxa1+ 26. Kg2 Ne3+ 27. fxe3 g6
28. Qf2 h5 29. cxb5 axb5 30. Rf4 Re7 31. Nxf7 Kg7 32. d4 Qc1 33. Ne5 Rxf4 34.
Qxf4 Qd2+ 35. Kh3 Qe2 36. Nxc6 Rxe3 37. Ne5 Rxb3 38. Qf7+ 1-0

[Event "2. Bundesliga West 2004/2005(7)"]
[Site "?"]
[Date "2005.01.22"]
[Round "?"]
[White "Gerhold, Michael"]
[Black "Mittelberger, Peter"]
[Result "0-1"]
[WhiteElo "2198"]
[BlackElo "2257"]
[PlyCount "90"]
[EventDate "2005.01.22"]

1. d4 g6 2. c4 Bg7 3. Nf3 Nf6 4. Nc3 O-O 5. e4 d6 6. Be2 e5 7. O-O Nbd7 8. Re1
c6 9. Bf1 a6 10. Rb1 b5 11. d5 cxd5 12. Nxd5 Nxd5 13. cxd5 Nc5 14. b4 Na4 15.
Bd2 f5 16. Ng5 Qe7 17. exf5 gxf5 18. Qh5 h6 19. Nf3 Qf7 20. Qh4 Qf6 21. Qxf6
Rxf6 22. Be2 Bb7 23. Bd1 Nb6 24. Bb3 Bxd5 25. Bxd5+ Nxd5 26. Rbc1 Nb6 27. Rc6
Nc4 28. Bc3 Rff8 29. Nh4 d5 30. Ng6 Rfe8 31. Rc7 d4 32. Ba1 Bf6 33. h4 Rad8 34.
h5 Rd6 35. Rc5 d3 36. Rd1 d2 37. Kf1 e4 38. Bxf6 Rxf6 39. Ke2 f4 40. Rc7 f3+
41. gxf3 exf3+ 42. Kd3 Rd6+ 43. Kc2 Re1 44. Rxc4 bxc4 45. Rxd2 Re2 0-1

[Event "2. Bundesliga-West 2004/2005(8)"]
[Site "?"]
[Date "2005.01.23"]
[Round "?"]
[White "Sandner, Guenter"]
[Black "Dizdar, Goran"]
[Result "0-1"]
[WhiteElo "2327"]
[BlackElo "2554"]
[PlyCount "48"]
[EventDate "2005.01.23"]

1. Nf3 c5 2. c4 g6 3. Nc3 Bg7 4. d4 cxd4 5. Nxd4 Nc6 6. e3 Nf6 7. Be2 O-O 8.
O-O Nxd4 9. Qxd4 d6 10. Qh4 Be6 11. Bf3 Rc8 12. b3 d5 13. cxd5 Nxd5 14. Bxd5
Bxd5 15. Nxd5 Qxd5 16. Rb1 Bf6 17. Qa4 b5 18. Qb4 Rc2 19. a4 a6 20. Ba3 Rd8 21.
Qa5 bxa4 22. Qxa4 Ra2 23. e4 Qd3 24. Qb4 Rxf2 0-1

[Event "2. Bundesliga-West 2004/2005(8)"]
[Site "?"]
[Date "2005.01.23"]
[Round "?"]
[White "Bromberger, Stefan"]
[Black "Rudolph, Johannes"]
[Result "1-0"]
[WhiteElo "2464"]
[BlackElo "2305"]
[PlyCount "91"]
[EventDate "2005.01.23"]

1. d4 d5 2. c4 c6 3. Nc3 Nf6 4. Nf3 dxc4 5. a4 Bf5 6. Ne5 Nbd7 7. Nxc4 Qc7 8.
g3 e5 9. dxe5 Nxe5 10. Bf4 Nfd7 11. Bg2 g5 12. Ne3 gxf4 13. Nxf5 O-O-O 14. O-O
Ng6 15. Qc2 h5 16. Rfd1 Kb8 17. Nb5 Qb6 18. Nbd4 a5 19. Qb3 Qxb3 20. Nxb3 Bb4
21. Nfd4 Nde5 22. Nc2 Bd6 23. Nxa5 Bc7 24. Nb3 fxg3 25. hxg3 h4 26. a5 hxg3 27.
fxg3 Ng4 28. a6 Bb6+ 29. Kf1 Nh2+ 30. Ke1 Bc7 31. Ncd4 Bxg3+ 32. Kd2 Nf4 33.
Bh1 Ne6 34. e3 Ng4 35. axb7 Nxd4 36. Nxd4 Rxd4+ 37. exd4 Bf4+ 38. Kc3 Rh3+ 39.
Kc4 Kxb7 40. Rd3 Ne3+ 41. Kb3 Rh6 42. Bf3 Nf5 43. Ra4 Be3 44. d5 c5 45. Ka2 Bd4
46. d6+ 1-0

[Event "2. Bundesliga-West 2004/2005(8)"]
[Site "?"]
[Date "2005.01.23"]
[Round "?"]
[White "Egartner, Wolfgang"]
[Black "Pilz, Dieter"]
[Result "1/2-1/2"]
[WhiteElo "2128"]
[BlackElo "2337"]
[PlyCount "67"]
[EventDate "2005.01.23"]

1. d4 Nf6 2. Nf3 c5 3. d5 d6 4. Nc3 a6 5. a4 g6 6. e4 Bg4 7. h3 Bxf3 8. Qxf3
Bg7 9. Bd3 Nbd7 10. Qe2 Ne5 11. f4 Nxd3+ 12. Qxd3 O-O 13. O-O Qc7 14. a5 Nd7
15. Be3 Rfb8 16. Ra2 b6 17. axb6 Rxb6 18. Na4 Rb4 19. Bd2 Rbb8 20. Bc3 Bxc3 21.
Nxc3 Rb4 22. Rxa6 Rxa6 23. Qxa6 Rxb2 24. Qa8+ Rb8 25. Qa3 c4 26. Kh2 Nc5 27.
Qa2 Nd7 28. Qa3 h5 29. e5 Nc5 30. Qa2 dxe5 31. Qxc4 exf4 32. Qxf4 Rc8 33. Qxc7
Rxc7 34. Nb5 1/2-1/2

[Event "2. Bundesliga-West 2004/2005(8)"]
[Site "?"]
[Date "2005.01.23"]
[Round "?"]
[White "Wegerle, Joerg"]
[Black "Jenul, Reinhold"]
[Result "1-0"]
[WhiteElo "2119"]
[BlackElo "2380"]
[PlyCount "49"]
[EventDate "2005.01.23"]

1. e4 e5 2. Nf3 Nc6 3. Bb5 a6 4. Bxc6 dxc6 5. O-O Bd6 6. d4 exd4 7. Qxd4 f6 8.
Be3 Be6 9. Nbd2 c5 10. Qc3 Qe7 11. Nc4 Bxc4 12. Qxc4 Qf7 13. Qc3 Qh5 14. e5
fxe5 15. Bxc5 Nf6 16. Bxd6 cxd6 17. Qc7 O-O 18. Qxd6 Rae8 19. Rae1 e4 20. Nd4
Re5 21. f4 Rd5 22. Qb6 Rfd8 23. c3 R8d7 24. Re3 Ng4 25. Qe6+ 1-0

[Event "2. Bundesliga-West 2004/2005(8)"]
[Site "?"]
[Date "2005.01.23"]
[Round "?"]
[White "Hosp, Reinhard"]
[Black "Ferrari, Josef"]
[Result "1-0"]
[WhiteElo "2146"]
[BlackElo "2206"]
[PlyCount "55"]
[EventDate "2005.01.23"]

1. e4 e5 2. Nf3 Nc6 3. Bb5 a6 4. Ba4 Nf6 5. O-O Be7 6. Re1 b5 7. Bb3 O-O 8. h3
Bb7 9. c3 d6 10. d3 Na5 11. Bc2 c5 12. Nbd2 Qc7 13. Nf1 Rfe8 14. g4 Bf8 15. Bg5
Nd7 16. Ng3 Nc6 17. Nf5 Nb6 18. Rc1 Bc8 19. Bb1 a5 20. Be3 a4 21. a3 Be6 22.
Ng5 Bb3 23. Qe2 g6 24. Ng3 f6 25. Nf3 Qd8 26. g5 Be7 27. gxf6 Bxf6 28. Bc2 1-0

[Event "2. Bundesliga-West 2004/2005(8)"]
[Site "?"]
[Date "2005.01.23"]
[Round "?"]
[White "Gerhold, Michael"]
[Black "Kerber, Alfred"]
[Result "1-0"]
[WhiteElo "2198"]
[BlackElo "1924"]
[PlyCount "51"]
[EventDate "2005.01.23"]

1. d4 e6 2. Nf3 b6 3. c4 Bb7 4. e3 f5 5. Bd3 Bb4+ 6. Bd2 Qe7 7. O-O Nc6 8. Bc1
g5 9. a3 Bd6 10. b4 g4 11. Ne1 Qh4 12. f4 gxf3 13. Nxf3 Qh5 14. Nc3 Nf6 15. Nb5
O-O-O 16. Nxd6+ cxd6 17. Bd2 Rhg8 18. Qe2 Rg6 19. Ne1 Ng4 20. h3 Rdg8 21. hxg4
fxg4 22. Bxg6 Rxg6 23. Rf4 Rh6 24. Qxg4 Qh1+ 25. Kf2 Rg6 26. Qh3 1-0

[Event "2. Bundesliga-West 2004/2005(8)"]
[Site "?"]
[Date "2005.01.23"]
[Round "?"]
[White "Ivanov, Mikhail"]
[Black "Halasz, Tamas"]
[Result "1-0"]
[WhiteElo "2426"]
[BlackElo "2383"]
[PlyCount "87"]
[EventDate "2005.01.23"]

1. d4 d5 2. c4 e6 3. Nf3 Nf6 4. Bg5 Nbd7 5. e3 c6 6. Nc3 Qa5 7. Nd2 dxc4 8.
Bxf6 Nxf6 9. Nxc4 Qc7 10. Rc1 Bd7 11. a3 Be7 12. b4 O-O 13. g3 Rac8 14. Bg2
Rfd8 15. O-O Be8 16. Qb3 Bf8 17. Rc2 Qe7 18. Rfc1 Nd5 19. Ne4 Rc7 20. Nc5 Nb6
21. Na5 Nd5 22. Nd3 Rdc8 23. Ne5 Nb6 24. Qa2 Nd5 25. Nb3 Nb6 26. Nc5 Nd7 27. f4
Nxc5 28. bxc5 b5 29. Rf2 Kh8 30. Be4 f6 31. Nd3 Bf7 32. Qc2 g6 33. a4 bxa4 34.
Qxa4 Bg7 35. Rb1 Kg8 36. Nb4 Rb8 37. Rfb2 Be8 38. Nxc6 Rxb2 39. Nxe7+ Rxe7 40.
Qa6 Rxb1+ 41. Bxb1 f5 42. Ba2 Bf7 43. Qd6 Bf8 44. c6 1-0

[Event "2. Bundesliga-West 2004/2005(8)"]
[Site "?"]
[Date "2005.01.23"]
[Round "?"]
[White "Lickleder, Andreas"]
[Black "Astl, Peter"]
[Result "0-1"]
[WhiteElo "2251"]
[BlackElo "2233"]
[PlyCount "92"]
[EventDate "2005.01.23"]

1. e4 c6 2. d4 d5 3. Nd2 g6 4. h3 Bg7 5. Ngf3 dxe4 6. Nxe4 Nf6 7. Nxf6+ exf6 8.
Bc4 O-O 9. O-O Nd7 10. Bb3 Nb6 11. Bd2 Bf5 12. Re1 Re8 13. Ba5 Qd7 14. c4 Be4
15. Bc3 Rad8 16. d5 Qc8 17. Ng5 fxg5 18. Bxg7 Bxg2 19. Kxg2 Kxg7 20. Qd4+ Kg8
21. Rac1 c5 22. Qd2 Qf5 23. Re3 g4 24. Rce1 gxh3+ 25. Rxh3 Rxe1 26. Qxe1 Nxc4
27. Rf3 Qg5+ 28. Kh1 Qxd5 29. Qc3 b5 30. a4 a6 31. axb5 axb5 32. Kg2 h5 33. Qf6
Rd6 34. Qe7 Qe6 35. Qc7 Qg4+ 36. Rg3 Qe4+ 37. Rf3 Qd5 38. Qe7 Kg7 39. Kg3 Rd7
40. Qf6+ Kg8 41. Kg2 Kh7 42. Qh4 Kh6 43. Qh3 Qg5+ 44. Rg3 Rd3 45. Rxg5 Rxh3 46.
Bxc4 Kxg5 0-1

[Event "2. Bundesliga-West 2004/2005(8)"]
[Site "?"]
[Date "2005.01.23"]
[Round "?"]
[White "Eybl, Alexander"]
[Black "Hager, Franz"]
[Result "1-0"]
[WhiteElo "2259"]
[BlackElo "2224"]
[PlyCount "89"]
[EventDate "2005.01.23"]

1. Nf3 g6 2. g3 Bg7 3. Bg2 e5 4. d3 d5 5. O-O Ne7 6. c4 O-O 7. cxd5 Nxd5 8. Bg5
Qd6 9. Qc1 Nc6 10. Bh6 Bg4 11. Bxg7 Kxg7 12. Nbd2 Rfe8 13. Qc4 Nf6 14. Ng5 Nd8
15. Bxb7 Rb8 16. Bf3 Bxf3 17. Ngxf3 Rxb2 18. Rfc1 Rb7 19. Qa4 Re7 20. Nc4 Qd5
21. Ne3 Qe6 22. Rc5 Nd7 23. Rc2 h6 24. Rac1 Nb6 25. Qh4 f6 26. Qe4 f5 27. Qb4
Nd5 28. Qc5 Nf6 29. Nc4 Nf7 30. Na5 Rb6 31. Nc6 Re8 32. Nxa7 e4 33. Nd4 Qd7 34.
Nac6 f4 35. Qc3 Qh3 36. dxe4 Rxc6 37. Nxc6 Rxe4 38. Nd4 Ne5 39. Qxc7+ Nfd7 40.
Nf3 Rxe2 41. Nxe5 Rxe5 42. Rd2 Re7 43. Qxf4 Rf7 44. Qd4+ Kh7 45. Rc7 1-0

[Event "2. Bundesliga-West 2004/2005(8)"]
[Site "?"]
[Date "2005.01.23"]
[Round "?"]
[White "Endthaler, Arnold"]
[Black "Neuschmid, Siegfried"]
[Result "0-1"]
[WhiteElo "2088"]
[BlackElo "2218"]
[PlyCount "76"]
[EventDate "2005.01.23"]

1. e4 g6 2. d4 d6 3. f4 Bg7 4. Nf3 c5 5. c3 cxd4 6. Nxd4 Nf6 7. Bd3 O-O 8. O-O
Nbd7 9. Qe2 Nc5 10. Bc2 b6 11. Re1 Ba6 12. Qf3 Bb7 13. Nd2 e5 14. fxe5 dxe5 15.
Ne2 Qc7 16. Ng3 h5 17. Nh1 a5 18. Nf2 a4 19. a3 Bc6 20. Qe2 Bb7 21. Nf1 Ba6 22.
Qf3 Ne6 23. Be3 Bb7 24. Rad1 Nd7 25. Qh3 Ndc5 26. g3 Qc6 27. Bc1 f5 28. exf5
gxf5 29. Ne3 Ng5 30. Qxh5 Nf3+ 31. Kf1 e4 32. Nxf5 Rxf5 33. Qxf5 Rf8 34. Qh5
Ba6+ 35. Kg2 Nxe1+ 36. Rxe1 e3+ 37. Kh3 Rxf2 38. Rxe3 Bc8+ 0-1

[Event "2. Bundesliga-West 2004/2005(8)"]
[Site "?"]
[Date "2005.01.23"]
[Round "?"]
[White "Mittelberger, Peter"]
[Black "Huber, Wolfgang"]
[Result "0-1"]
[WhiteElo "2257"]
[BlackElo "2071"]
[PlyCount "74"]
[EventDate "2005.01.23"]

1. e4 c6 2. d4 d5 3. Nc3 dxe4 4. Nxe4 Bf5 5. Ng3 Bg6 6. Be2 Nf6 7. a4 e6 8. a5
Bb4+ 9. Bd2 Bxd2+ 10. Qxd2 O-O 11. Nf3 Nbd7 12. O-O Qc7 13. Rfd1 c5 14. c4 cxd4
15. Nxd4 a6 16. Qb4 Rab8 17. Qa3 Rfd8 18. b4 h5 19. c5 h4 20. Nf1 Nd5 21. Rac1
Nf4 22. Bf3 Ne5 23. Qe3 Nfd3 24. Rb1 Nc4 25. Nxe6 Nxe3 26. Nxc7 Nxd1 27. Rxd1
Nxb4 28. Rd6 Rxd6 29. cxd6 Rd8 30. Nd5 Nxd5 31. Bxd5 Rxd6 32. Bxb7 Bd3 33. Ne3
Bb5 34. Nd5 Kf8 35. h3 Bc6 36. Bxc6 Rxc6 37. Nb6 Ke8 0-1